Nové možnosti eliminácie daňových únikov

Možnosti eliminácie daňových únikov prostrednictvom projektu eKassa. Pozitívne a negatívne stránky. Poukázanie na výhody systému pre podnikateľov, kupujúcich a pre finančnú správu.

Gespeichert in:
Bibliographische Detailangaben
1. Verfasser: Šoltésová, Erika, 1969-
Weitere Verfasser: Zubaľová, Alena, 1959-
Format: Buchkapitel
Sprache:Slowakisch
Tags: Tag hinzufügen
Keine Tags, Fügen Sie das erste Tag hinzu!

MARC

LEADER 00000naa a2200000 4500
001 0257339
005 20260205072426.8
041 0 |a slo 
044 |a SK 
245 1 0 |a Nové možnosti eliminácie daňových únikov  |c Erika Šoltésová, Alena Zubaľová 
520 |a Možnosti eliminácie daňových únikov prostrednictvom projektu eKassa. Pozitívne a negatívne stránky. Poukázanie na výhody systému pre podnikateľov, kupujúcich a pre finančnú správu. 
100 1 |a Šoltésová, Erika, 1969- 
700 1 |a Zubaľová, Alena, 1959-